Οι μεταμφιέσεις της τέχνης και οι ψευδαισθήσεις της κριτικής
Αποθηκεύτηκε σε:
| Κύριος συγγραφέας: | |
|---|---|
| Μορφή: | Βιβλίο |
| Γλώσσα: | Greek |
| Δημοσίευση: |
Αθήνα :
Νεφέλη,
1999.
|
| Σειρά: | Βιβλιοθήκη της τέχνης
|
| Θέματα: | |
| Ετικέτες: |
Προσθήκη ετικέτας
Δεν υπάρχουν, Καταχωρήστε ετικέτα πρώτοι!
|
MARC
| LEADER | 00000cam a2200000 i 4500 | ||
|---|---|---|---|
| 001 | 1/72476 | ||
| 008 | 050302s1999 gr | ||| |||| ||gre|| | ||
| 020 | |a 9602114517 | ||
| 035 | |l 10076828 | ||
| 040 | |a GR-MyUa |b gre |e AACR2 | ||
| 041 | 0 | |a gre | |
| 082 | 7 | |a 709.04 |2 (21) | |
| 100 | 1 | |a Λοϊζίδη, Νίκη. | |
| 245 | 1 | 3 | |a Οι μεταμφιέσεις της τέχνης και οι ψευδαισθήσεις της κριτικής / |c Νίκη Λοϊζίδη. |
| 260 | |a Αθήνα : |b Νεφέλη, |c 1999. | ||
| 300 | |a 224 σ. : |b εικ. ; |c 23 εκ. | ||
| 490 | 1 | |a (Βιβλιοθήκη της τέχνης) | |
| 500 | |a Περιλαμβάνει ευρετήριο. | ||
| 650 | 0 | |a Art, Modern |y 20th century. | |
| 650 | 0 | |a Art, Modern |x Philosophy. | |
| 830 | 0 | |a Βιβλιοθήκη της τέχνης | |
| 852 | |a INST |b SYROS |e 20050302 |h 709.04 ΛΟΙ |p 005500005445 |q 005500005445 |t BK |y 0 | ||
| 901 | |a BIBL5-2005-1 | ||
| 922 | |a 5ΕΛΗ |b 200411 |c 188 |d Πλάστιγγα | ||
| 950 | |a 188-2004-11-03 | ||
| 970 | |a Τσουκαλά |b Αλίκη |z 23/03/2005 | ||